00583nam a2200157Ia 4500008004100000020001800041082001800059100001700077245006700094260003100161300001100192440006500203650003300268952010700301999001700408120622s9999 xx 000 0 und d a84-206-3954-0 a302.222 D261c aDavis, Flora aLa comunicación no verbal / Flora Davis ; tr. Lita Mourglier aMadrid : Alianza Editorial a271 p. aEl libro de bolsillo. Ciencias sociales. Psicología ; 3600 a1. COMUNICACION NO VERBALÌ 00104070a01b01d2007-01-25l8m1o302.222 D261Cp01 007640r2024-01-29s2024-01-24w2012-06-24yLB c54688d54688